LEADER 01086nam--2200349---450- 001 990003471980203316 005 20101125120054.0 010 $a978-88-7564-325-6 035 $a000347198 035 $aUSA01000347198 035 $a(ALEPH)000347198USA01 035 $a000347198 100 $a20101125d2009----km-y0itay50------ba 101 0 $aita 102 $aIT 105 $a||||||||001yy 200 1 $aInnamerica$ele lettere degli emigrati di Sessa Aurunca ai loro familiari (1917-1941)$fa cura di Pasquale Cominale 210 $aNapoli$cLoffredo$d2009 215 $a286 p.$d22 cm 225 2 $a<> ricerche di Critica letteraria$v19 410 0$12001$a<> ricerche di Critica letteraria$v19 606 0 $aEmigrati sessani$yAmerica$z1917-1941$xLettere$2BNCF 676 $a305.85107 702 1$aCOMINALE,$bPasquale 801 0$aIT$bsalbc$gISBD 912 $a990003471980203316 951 $aXV.1.D. 51$b5216 L.G.$cXV.1.D.$d00284487 959 $aBK 969 $aUMA 979 $aPASSARO$b90$c20101125$lUSA01$h1200 996 $aInnamerica$91112393 997 $aUNISA LEADER 00987nam a2200277 i 4500 001 991000476039707536 005 20230609091823.0 008 971201s1994 it 001 0 ita 020 $a9788815043474 035 $ab10083157-39ule_inst 035 $aLE02516738 040 $aFac. Economia$bita 082 0 $a332.632 100 1 $aTermini, Valeria$0115020 245 13$aLa determinazione del prezzo nei mercati future /$cValeria Termini 260 $aBologna :$bIl mulino,$cc1994 300 $a237 p. ;$c22 cm 490 1 $aStudi finanziari e bancari 650 4$aContratti a termine 650 4$aTitoli di rendita$xPrezzi 907 $a.b10083157$b23-05-18$c27-06-02 912 $a991000476039707536 945 $aLE025 ECO 332.6 TER01.01$g1$i2025000035713$lle025$nCatalogato 2018$o-$pE0.00$q-$rl$s-$t0$u2$v1$w2$x0$y.i1009474x$z27-06-02 996 $aDeterminazione del prezzo nei mercati future$9195841 997 $aUNISALENTO 998 $ale025$b01-01-97$cm$da$e-$fita$git$h3$i1